00442 a2200157 4500010001400000020002300014035001300037037001800050082001200068100002300080245003900103260004400142270004700186300003200233500001900265 aENG-85951 a8120330501c195.00 aEN-69484 bD.B.Act / Pub14a669.1421 aChakrabarti, A. K.1 aSteel makingcby A. K. Chakrabarti aNew DelhibPrentice Hall of Indiac2007 aM-97, Cannaught CircusbNew Delhie110 001 axiii, 226 p.b23 cm. (Pbk.) aIncludes index